| 000 | 01668nam a2200421 a 4500 | ||
|---|---|---|---|
| 001 | 000109083 | ||
| 003 | CHAP | ||
| 005 | 20220329144036.0 | ||
| 008 | 140402s2013 mx sm |||||||spa d | ||
| 010 | _a105545 | ||
| 011 | _a106517 | ||
| 040 | _cCHAP | ||
| 090 | _aTesis | ||
| 100 | 1 |
_aPerez López, José Luis _9126195 |
|
| 245 | 1 | 0 |
_aHuella hidrica verde en algodon (Gossypium hirsutum L) en la Laguna y Sonora _h[En línea] _cpor José Luis Pérez López y Noel Isauro García Pompa. |
| 260 |
_aBermejillo, Dgo. : _bEl autor, _c2013. |
||
| 500 | _aPara ver el contenido del material haga clic en la liga | ||
| 502 | _aTesis (Ing. en Sistemas Agrícolas ) -- UACH. Unidad Regional Universitaria de Zonas Aridas | ||
| 502 | _aTesis (Ing. en Sistemas Pecuarios ) -- UACH. Unidad Regional Universitaria de Zonas Aridas | ||
| 590 |
_aBATCH-UPD _b10 _c20141002 _lUCH01 _h0859 |
||
| 590 |
_aE11695DGD _b10 _c20140408 _lUCH01 _h1022 |
||
| 590 |
_aE5765TAJ _b05 _c20140403 _lUCH01 _h0908 |
||
| 590 |
_aE6096MTM _b05 _c20140402 _lUCH01 _h1019 |
||
| 590 |
_aE6096MTM _b05 _c20140402 _lUCH01 _h1020 |
||
| 590 |
_aE6096MTM _b05 _c20140402 _lUCH01 _h1024 |
||
| 650 | 1 | 4 |
_aAgua para irrigación _92430 |
| 650 | 1 | 4 |
_aAgua subterránea _92456 |
| 650 | 1 | 4 |
_aAlgodón _xComarca Lagunera. _93989 |
| 650 | 1 | 4 |
_aAlgodón _xSonora _94060 |
| 650 | 1 | 4 |
_aDistrito de Desarrollo Rural Cajeme, Son. _9126197 |
| 650 | 1 | 4 |
_aDistrito de Riego Comarca Lagunera. _932862 |
| 650 | 1 | 4 |
_aRiego de superficie. _997372 |
| 700 | 1 |
_aGarcía Pompa, Noel Isauro _9126196 |
|
| 856 |
_aFinding aid _uhttp://10.13.5.2/tesis/sist109083.pdf _zTeclea aquí |
||
| 901 | _aBK | ||
| 942 | _cTESIS | ||
| 942 | _n0 | ||
| 999 |
_c105545 _d105545 |
||